LDR 00737nam a2200217 i 4500 001 000000204003 003 CaOOAMICUS 005 20260326114056.0 008 110713s1988 it u000 u ita u 013 $a182720 040 $aSeMil$bita 100 1 $aMacchi, Lidia.$0(OLS)http://semarc/name/73615 245 10$aPoesie /$cLidia Macchi. 260 $aVarese :$bFondazione Lidia Macchi,$ccopyr. 1988. 300 $a100 p. ;$c20 cm. 850 $aSeMil 852 $aSeMil$W1$xVenegono$y1$m5D X 12/28$j154497$B154497$CSeMilBibl$Z2$F165345 $81 961 $aOmaggio: Altro 996 $6245$aPoesie$9(OLS)http://semarc/title/2285 996 $6260$aVarese :$bFondazione Lidia Macchi$9(OLS)http://semarc/publisher/51901